Cities by suburb: Benelux - Statistics

General Stats
  • This quiz has been taken 24 times
  • The average score is 10 of 13
Answer Stats
Hint Answer % Correct
Uccle, Far West, Churchill, Josaphat Brussels
100%
Mabotte, Angleur, Amercœur, Chartreuse Liège
94%
Landlust, Gaasperdam, Halfweg, De Punt Amsterdam
88%
Hardmonie, Diamant, Brand, Rooi Antwerp
88%
Wolfput, Strop, Rabot, Flora Ghent
88%
Gilly, Louvy, Coupe, Villette Charleroi
82%
Spangen, Spaland, Oosterflank, Rivium Rotterdam
82%
Kampen, Laak, Kraayenstein, Duindorp The Hague
82%
De Kring, De Held, De Hoogte, Helpman Groningen
76%
Zambesidreef, Lombok-West, Griftpark Utrecht
76%
Belair, Cents, Limpertsberg, Hamm Luxembourg
59%
Wolfskuil, De Kamp, St Anna, Limos Nijmegen
59%
Pancras-West, De Kooi, Kloosterhof, Roomburg Leiden
47%
No matching quizzes found
Score Distribution
Percent of People with Each Score
Percentile by Number Answered
Your Score History
You have not taken this quiz